| 000 | 00952nam a22003017a 4500 | ||
|---|---|---|---|
| 001 | BR7705467 | ||
| 003 | BR-BrBNA | ||
| 005 | 20230928085443.0 | ||
| 007 | ta | ||
| 008 | 230509b bl.||||| |||| 00| 0 por d | ||
| 040 |
_aBR-BrBNA _bpor _cBiblioteca Nacional de Agricultura |
||
| 041 | _a(Por) | ||
| 072 |
_aQ20; L70 _b5212 _b5300 _b9702 _b9704 _b9410 _b/G514 |
||
| 090 | _ 5212 BR7705467 | ||
| 110 | 1 |
_aDiretoria Estadual do Ministerio da Agricultura em Goias, Goiania (Brasil). Posto de Inspecao _93424 |
|
| 245 | 1 | _aRelatorio anual das atividades - 1977 [Diretoria Estadual do Ministerio da Agricultura em Goias. Posto de Inspecao; Inspecao Sanitaria; Brasil] | |
| 260 | 3 |
_aGoiania, GO (Brasil): _c1977. |
|
| 300 | _a14 p. | ||
| 500 | _a8 tables | ||
| 650 | _aABATE | ||
| 650 | _aBOVINO | ||
| 650 | _aSUINO | ||
| 650 | _aLEITE | ||
| 650 | _aINSPECAO SANITARIA | ||
| 650 | _aGOIAS | ||
| 909 |
_a202309 _bLucia _c55 _dLucia Elande |
||
| 942 | _cBK | ||
| 999 |
_c24509 _d24509 |
||